000 00556nam a2200169 i 4500
001 141435
003 ES-MaACL
005 20230906200307.0
007 t|
008 070924s1914 fr ||||1| fre d
100 1 _aVillatte des Prûgnes, Robert.
_9115167
245 1 3 _aLa peche
_b: . Les poissons d'eau douce /
_cpar Robert Villatte des Prûgnes ; introduction par P. Regnard.
260 _aParis :
_b[s.n.],
_c1914 (
_eCorbeil :
_fCréte)
300 _a490 p. ;
_c19 cm.
700 1 _aRegnard, Paul (
_d1850-1927)
_9150831
852 _aES-MaACL
_jD-3653
999 _c141435
_d141435